جہا ن ادب کے سیاح ڈاکٹر امام اعظم / (Record no. 193023)

MARC details
000 -LEADER
fixed length control field 00694nam a22001937a 4500
005 - DATE AND TIME OF LATEST TRANSACTION
control field 20221014102307.0
010 ## - LCCN (DPL NO)
LC control number UR-11754
020 ## - INTERNATIONAL STANDARD BOOK NUMBER
International Standard Book Number 9789392496363
Terms of availability 150.00
035 ## - SYSTEM CONTROL NUMBER
System control number U-10309
037 ## - SOURCE OF ACQUISITION
Source of stock number/acquisition DBAD/PUB
Stock number -
082 ## - DEWEY DECIMAL CLASSIFICATION NUMBER
Classification number 840.8
100 ## - MAIN ENTRY--PERSONAL NAME
Personal name خا لد حسین خاں
245 ## - TITLE STATEMENT
Title جہا ن ادب کے سیاح ڈاکٹر امام اعظم /
Statement of responsibility, etc خا لد حسین خاں
Medium ا ر د و
246 ## - VARYING FORM OF TITLE
Title proper/short title Jahan-e-Adab ke Saiyah Dr. Imam Azam /
Remainder of title by Khalid Hussain Khan
260 ## - PUBLICATION, DISTRIBUTION, ETC. (IMPRINT)
Place of publication, distribution, etc New Delhi
Name of publisher, distributor, etc Educational Publishing House
Date of publication, distribution, etc 2021 ء
270 ## - ADDRESS
Address H.O. D1/16, Ansari Road, Darya ganj
City New Delhi
Postal code 110002
300 ## - PHYSICAL DESCRIPTION
Extent 112 ص
Dimensions 22cm(pbk)
942 ## - ADDED ENTRY ELEMENTS (KOHA)
Source of classification or shelving scheme Dewey Decimal Classification
Item type Urdu Bks
Classification part 840.8
Call number suffix خ ا ل
Holdings
Withdrawn status Lost status Not for loan Collection code Home library Current library Date acquired Source of acquisition Cost, normal purchase price Full call number Barcode Copy number Cost, replacement price Koha item type
      Non-fiction Central Library Central Library 14/10/2022 DBAD/PUB 150.00 840.8 خ ا ل U-10309 1 150.00 Urdu Bks

© Delhi Public Library
Hit Counter
free hit counter